000 00748nam a2200253Ia 4500
003 OSt
005 20221005074128.0
006 a|||||r|||| 00| 0
007 ta
008 221004b |||||||| |||| 00| 0 eng d
020 _a9788175544680 (pbk)
_c195
024 _a15034
037 _b6873, 11/03/2014, Friends Publications (India)
_cTextual
040 _aCRL
_cCRL
_beng
041 _2eng
_aeng
082 _aT4:5,1, P9
100 _aBarrett Jim
_9608587
245 0 _aUltimate aptitude tests
260 _aNew Delhi
_bKogan Page India
_c2009
300 _avi, 201p.
_ccm.
650 _aEDUCATION
942 _hT4:5,1, P9
_cTEXL
_2cc
999 _c982215
_d982215